1020 1765 1622 1534 1000 1836 1753 1797 1647 1283 1752 1362 1487 1700 1709 1535 1452 1739 1340 1126 1087 1147 1497 1575 1633 1514 1514 1475 1324 1716 1029 1764 1551 1556 1777 1232 1644 1705 1324 1284 1138 1341 1675 1654 1992 1033 1621 1504 1300 1062 1743 1941 1675 1528 1926 1957 1611 1716 1114 1285 1741 1128 1116 1533 1692 1493 1892 1822 1078 1565 1161 1067 1820 1059 1154 1040 1664 1256 1800 1196 1386 1927 1122 1844 1098 1204 1931 1032 1055 1683 1437 1104 1892 1881 1150 1183 1766 1814 1859 BCNSPRNW ULIB Ver.6.0+V

เปลี่ยนเป็นภาษาไทย

Change to English
 แสดงรายละเอียดบรรณานุกรม
  กลับหน้าหลัก

Brief Record : Get Marc (ISO 2709) : E-mail record : QR code < ปิดหน้าต่าง
LEADER : 00000nam 2200000uu 4500
001    13399124424
003     ULIB
008    150710s2558||||th 000 0 tha d
099    ^aวจ.WL704^bน695ก
100 0  ^aนิสา ครุฑจันทร์
245 00 ^aการพัฒนาบทเรียน e-learning เรื่อง การจัดการความเจ็บปวดสำหรับนักศึกษาพยาบาลศาสตรบัณฑิต วิทยาลัยบรมราชชนนี สวรรค์ประชารักษ์ นครสวรรค์/^cนิสา ครุฑจันทร์, จิราพร ศรีพิบูลย์ และธีริศา สินาคม
246    ^ahe Development of e-learning program on pain management of nursing student, Boromarajonani,College of nursing, Sawanpracharak Nakhonsawan
260    ^aนครสวรรค์:^bวิทยาลัยบรมราชชนนี สวรรค์ประชารักษ์ นครสวรรค์,^c2558
300    ^a79 หน้า
650  0 ^aบทเรียน e-learningู^xวิจัย
650  0 ^aการจัดการความปวด^xวิจัย
700 0  จิราพร ศรีพิบูลย์
700 0  ธีริศา สินาคม
945    ^p0^l0^i22985
999    ^aทศพร เกษรทอง
รายการนี้ยังไม่มีแท็ก
คุณยังไม่ได้ล็อกอิน คุณสามารถมีกิจกรรมร่วมกับเว็บไซต์ได้ แต่ต้องล็อกอินก่อน ::
  ล็อกอิน

รายการสื่อสารสนเทศ

ลำดับที่ ประเภท เลขเรียก/บาร์โค้ด สถานที่ สถานะ
1. งานวิจัย
งานวิจัย
วจ.WL704 น695ก ฉ.1 
  Barcode: 22985
ห้องสมุดวิทยาเขตนครสวรรค์
►วิจัย:l:Research Room
บนชั้น

รายการใกล้เคียง
    ผู้แต่ง [นิสา ครุฑจันทร์]

BibComment


ยังไม่เคยถูกคอมเมนท์

คอมเมนท์ทรัพยากรรายการนี้
  คอมเมนท์: การพัฒนาบทเรียน ..


 Copyright 2026. Bcnsprnw @Library